000 02252nam0a2200445 4500
001 RU\NLR\BIBL_A\012017917
005 20190711102355.0
021 _aRU
_bКН-П-19-029722
_9КН-П-19-2239
029 1 0 _aRU
_b2320-005-2018
_cГОСТ РВ
035 _a(NLR Aleph) 012017917
035 _a(RuMoRGB)009959482
090 _a11484340
_c11484340
100 _a20190521d2019 k y0rusy50 ca
101 0 _arus
102 _aRU
105 _ay l 000|y
200 1 _aВоенная автомобильная техника
_iМетоды оценки выполнения требований к хранению
_eГОСТ РВ 2320-005-2018
_fразработан Научно-техническим предприятием "Технологистик" (ООО НТП "Технологистик")
205 _aИзд. офиц.
210 _aМосква
_cСтандартинформ
_d2019
215 _a19 с.
_d29
225 1 _aГосударственный военный стандарт
239 _aВвед. 01.07.2019
320 _aБиблиогр.: с. 19 (4 назв.)
333 _aДСП Экз.№11
517 1 _aГОСТ РВ 2320-005-2018
606 _aВоенная наука. Военное дело -- Военная автотракторная техника и автотракторное имущество -- Военные автомобили -- Техническая эксплуатация -- Хранение -- Российская Федерация -- Стандарты
_2rubbk
606 1 _aВоенные автомобили
_jСтандарты
_xХранение
_92411972
_3RU\NLR\AUTH\6601656119
610 0 _aвоенная автомобильная техника
610 0 _aхранение
610 0 _aметоды оценки
675 _a002:623.437.4:623.485
686 _a2320
_v2000
_2КС ОП
686 3 _aЦ621.11-926я861
712 0 2 _4900
_a"Технологистик", научно-техническое предприятие
_cБронницы
_9662383
_3RU\NLR\AUTH\880501277
942 _cBOOK
980 _aNB